Imagen 1 Imagen 2 Imagen 3 Imagen 4 Imagen 5 Imagen 6

Intelectual orgánico : (Registro nro. 53667)

Detalles MARC
000 -LEADER
campo de control de longitud fija 01841nam a2200349 i 4500
003 - IDENTIFICADOR DE NÚMERO DE CONTROL
campo de control peliumch
005 - FECHA Y HORA DE LA ÚLTIMA TRANSACCIÓN
campo de control 20260306181100.0
007 - CAMPO FIJO DE DESCRIPCIÓN FÍSICA--INFORMACIÓN GENERAL
campo de control de longitud fija ta
008 - DATOS DE LONGITUD FIJA--INFORMACIÓN GENERAL
campo de control de longitud fija 260303b |||||||| |||| 00| 0 eng d
020 ## - NÚMERO INTERNACIONAL ESTÁNDAR DEL LIBRO
Número Internacional Estándar del Libro 9786124059612
040 ## - FUENTE DE CATALOGACIÓN
Centro catalogador/agencia de origen UMCH
Lengua de catalogación spa
Centro/agencia transcriptor UMCH
Centro/agencia modificador jmr
Normas de descripción rda
041 0# - CÓDIGO DE IDIOMA
Código de lengua del texto/banda sonora o título independiente spa
043 ## - CÓDIGO DE ÁREA GEOGRÁFICA
Código de área geográfica s-pe---
082 ## - NÚMERO DE LA CLASIFICACIÓN DECIMAL DEWEY
Número de clasificación 923.27293/J64J/2012
100 1# - ENTRADA PRINCIPAL--NOMBRE DE PERSONA
Nombre de persona Jofré, Manuel
Término indicativo de función/relación autor.
245 ## - MENCIÓN DEL TÍTULO
Título Intelectual orgánico :
Resto del título de la ética del escritor a la ética del político /
Mención de responsabilidad, etc. Manuel Jofré ; prólogo Roberto Reyes Tarazona.
250 ## - MENCION DE EDICION
Mención de edición Primera edición
264 #1 - PRODUCCIÓN, PUBLICACIÓN, DISTRIBUCIÓN, FABRICACIÓN Y COPYRIGHT
Producción, publicación, distribución, fabricación y copyright Lima :
Nombre del de productor, editor, distribuidor, fabricante Universidad Ricardo Palma;
Fecha de producción, publicación, distribución, fabricación o copyright 2012
264 #4 - PRODUCCIÓN, PUBLICACIÓN, DISTRIBUCIÓN, FABRICACIÓN Y COPYRIGHT
Fecha de producción, publicación, distribución, fabricación o copyright ©2012
300 ## - DESCRIPCIÓN FÍSICA
Extensión 141 páginas ;
Dimensiones 21 cm
500 ## - NOTA GENERAL
Nota general Juan Bosch: intelectual orgánico. De la ética del escritor a la ética del político, libro del critico chileno Manuel Jofré, es una aproximación a tres facetas de la actividad de Juan Bosch, el insigne escritor que llego a la presidencia de su país: la del creador de cuentos y novelas, la del teórico del cuento y la del intelectual entregado a la política. (200)
504 ## - NOTA DE BIBLIOGRAFÍA, ETC.
Nota de bibliografía, etc. Bibliografía : páginas 139-141
505 ## - NOTA DE CONTENIDO CON FORMATO
Información miscelánea I.
Título Imagen del Caribe y América Latina en los cuentos de Juan Bosch: Patria y exilio--
Información miscelánea II.
Título El desarrollo de la teoría del cuento de Juan Bosch--
Información miscelánea III.
Título Juan Bosch, el intelectual orgánico y la carta del confinamiento--
Información miscelánea IV.
Título Bosch y la pluralidad de voces--
Información miscelánea V.
Título Teoría y práctica en un intelectual integral--
Información miscelánea VI.
Título Breve antología de textos de Juan Bosch.
521 ## - NOTA DE PÚBLICO DESTINATARIO
Nota de público destinatario Recomendado para un público en general.
600 14 - PUNTO DE ACCESO ADICIONAL DE MATERIA--NOMBRE DE PERSONA
Nombre de persona Bosch, Juan
Fechas asociadas al nombre 1909-2001
Subdivisión general Crítica e interpretación
700 1# - ENTRADA AGREGADA--NOMBRE PERSONAL
Nombre de persona Reyes Tarazona, Roberto,
Término indicativo de función/relación prólogo
942 ## - ELEMENTOS DE ENTRADA SECUNDARIOS (KOHA)
Fuente del sistema de clasificación o colocación Clasificación Decimal Dewey
Tipo de ítem Koha Libros
Suprimir en OPAC No
Existencias
Estatus retirado Estado de pérdida Fuente del sistema de clasificación o colocación Estado de daño No para préstamo Biblioteca de origen Biblioteca actual Ubicación en estantería Fecha de adquisición Fuente de adquisición Información codificada de la localización en otra ubicación Total checkouts Signatura topográfica completa Código de barras Visto por última vez Precio de reemplazo Tipo de ítem Koha
    Clasificación Decimal Dewey     Biblioteca Central Biblioteca Central Colección general 03/03/2026 Donación UMCH   923.27293/J64J/2012 035878 03/03/2026 03/03/2026 Libros

Horarios de atención

De Lunes a Viernes de 8:00 a.m. -7:00 p.m.
Sábados de 8:00 a.m. - 5:00 p.m.



Email:
 biblioteca@umch.edu.pe

Teléfono: (01) 4490449 anexo 400 y 401
WhatsApp: +51 946 208 593